000 03709nam a22002297a 4500
005 20251022142537.0
008 250930b ||||| |||| 00| 0 eng d
245 _aUnderstanding the Stigma in Counseling of College of Science Students
_bMarithe Angela M. Co et . al ...
260 _cNovember 2024
300 _a59 pages.,:
_billustrations ;
_c28 cm.
336 _2rdacontent
_atext
337 _2rdamedia
_aunmediated
338 _2rdacarrier
_avolume
502 _aThesis
_bCollege of Science
_cUniversity of Rizal System-Morong
_d2024
520 _aMental health stigma remains a significant barrier for college students seeking support and assistance for their psychological well-being. This research aims to look into the experiences and perceptions of stereotype, prejudice, and discrimination related to the mental health stigma among college students, particularly among the students of the College of Science at the University of Rizal System-Morong Campus, to inform interventions and support mechanisms that foster a more accepting and supportive environment. Building upon existing literature highlighting the detrimental effects of stigma on help-seeking behaviors and mental health outcomes, this study adopts a qualitative approach to explore the lived experiences of stigma among college students. The study was conducted by a preliminary survey questionnaire to categorize participants, facilitating the identification and selection of suitable respondents for subsequent interviews. Through a qualitative research design, the research aims to gather in-depth insights into the lived experiences of COS students regarding mental health stigma. Snowball sampling is considered a sampling method to ensure a diverse range of perspectives. Findings revealed that students sought counseling primarily due to mental health awareness, emotional distress, and struggles with self-worth. Prejudice and stereotypes emerged as dominant variables contributing to the social stigma surrounding mental health. Stereotypes often framed individuals with mental health issues as weak, unfit for academic success, or even a burden to society, while prejudice fueled negative attitudes and discriminatory judgments toward those seeking help. These societal stigmas created an atmosphere of shame, fear, and rejection, deterring many students from accessing counseling services. Over time, this external societal stigma becomes internalized, tearing into self-stigma, a harmful belief system where students are viewed as inadequate and flawed for experiencing mental health challenges. This internalized stigma created additional barriers to help-seeking and heightened feelings of self-doubt and isolation. Despite these challenges, students utilized coping strategies such as distraction activities, resilience, and positivity to navigate the stigma. The research highlighted the need for institutional strategies to address mental health, how societal stigma transforms to self-stigma, improve mental health literacy, and strengthen peer support systems. These findings contribute to the understanding of stigma in educational settings and underscore the importance of culturally sensitive interventions to foster an inclusive and supportive campus environment, enhancing student well-being and academic success. Keywords: Stigma, Stereotype, Prejudice, Discrimination, College of Science, Services of Counseling, Mental Health, Social Stigma Theory
700 _aMarithe Angela M. Co
_eAuthor
700 _aDiannie Liz C. Toyofuku
_eAuthor
700 _aAbbigail B. Garces
_eAuthor
700 _aArchie M. Amor
_eAuthor
700 _aSta. Ana, Reymily Rose R.
_edegree supervisor
942 _2lcc
_cT
999 _c88373
_d88370